Tous les blasons des Bouches-du-Rhône - Statistiques

Statistiques générales
  • Ce quiz a été pris 12 fois
  • Le résultat moyen est 52 sur 119
Statistiques - réponses
Par images Réponse % Correct
Arles
100%
Jouques
100%
Marseille
100%
Mimet
100%
Venelles
100%
Aix-en-Provence
91%
Aubagne
91%
Le Rove
91%
Mallemort
91%
Martigues
91%
Cuges-les-Pins
82%
Fuveau
82%
Istres
82%
Miramas
82%
Vitrolles
82%
Allauch
73%
Berre-l'Étang
73%
La Ciotat
73%
Cassis
64%
Châteaurenard
64%
Marignane
64%
Plan-de-Cuques
64%
Saintes-Maries-de-la-Mer
64%
Salon-de-Provence
64%
Ventabren
64%
Carry-le-Rouet
55%
Châteauneuf-le-Rouge
55%
Châteauneuf-les-Martigues
55%
Gardanne
55%
Gémenos
55%
La Bouilladisse
55%
Les Pennes-Mirabeau
55%
Rognac
55%
Saint-Mitre-les-Remparts
55%
Saint-Victoret
55%
Sausset-les-Pins
55%
Tarascon
55%
Bouc-Bel-Air
45%
Cabriès
45%
Carnoux-en-Provence
45%
La Fare-des-Oliviers
45%
Lançon-Provence
45%
La Penne-sur-Huveaune
45%
Les Baux-de-Provence
45%
Meyrargues
45%
Pélissanne
45%
Peyrolles-en-Provence
45%
Port-de-Bouc
45%
Port-Saint-Louis-du-Rhône
45%
Saint-Chamas
45%
Saint-Martin-de-Crau
45%
Saint-Paul-lès-Durance
45%
Trets
45%
Velaux
45%
Auriol
36%
Cadolive
36%
Éguilles
36%
Ensuès-la-Redonne
36%
Gignac-la-Nerthe
36%
Grans
36%
Gréasque
36%
La Barben
36%
Lambesc
36%
La Roque-d'Anthéron
36%
Orgon
36%
Rognes
36%
Rousset
36%
Saint-Andiol
36%
Saint-Pierre-de-Mézoargues
36%
Saint-Rémy-de-Provence
36%
Saint-Savournin
36%
Sénas
36%
Septèmes-les-Vallons
36%
Alleins
27%
Barbentane
27%
Beaurecueil
27%
Belcodène
27%
Cabannes
27%
Eygalières
27%
Eyguières
27%
Eyragues
27%
Fos-sur-Mer
27%
Graveson
27%
La Destrousse
27%
Lamanon
27%
Le Puy-Sainte-Réparade
27%
Le Tholonet
27%
Mollégès
27%
Peypin
27%
Roquefort-la-Bédoule
27%
Roquevaire
27%
Saint-Cannat
27%
Saint-Étienne-du-Grès
27%
Saint-Marc-Jaumegarde
27%
Aureille
18%
Aurons
18%
Boulbon
18%
Ceyreste
18%
Charleval
18%
Cornillon-Confoux
18%
Coudoux
18%
Fontvieille
18%
Maillane
18%
Mas-Blanc-des-Alpilles
18%
Maussane-les-Alpilles
18%
Meyreuil
18%
Mouriès
18%
Noves
18%
Paradou
18%
Peynier
18%
Plan-d'Orgon
18%
Puyloubier
18%
Rognonas
18%
Saint-Antonin-sur-Bayon
18%
Saint-Estève-Janson
18%
Simiane-Collongue
18%
Vauvenargues
18%
Vernègues
18%
Verquières
18%
Aucun quiz correspondant
Distribution des résultats
% des personnes avec chaque résultat
Percentile par nombre de réponses
Votre historique - résultats
Vous n’avez pas pris ce quiz